00782 a2200253 4500003000500000005001700005020001500022020001800037040000900055082001200064082001200076100002200088245008100110260002900191300001900220440004000239500003900279500001100318650002200329650003500351650002200386856005300408856006700461Nust20170207164552.0 a0471224162 a9780471224167 cNust0 a621.3820 a621.3821 aFreeman, Roger L.00aFundamentals of telecommunications /h[Elektronisk resurs]cRoger L. Freeman aNew York :bWiley,c2002 a816 s. :bill. 0aWiley series in telecommunications, a"A Wiley-Interscience publication" aE-book 7aTelecommunication 7aTelecommunication engineering. 7aTelekommunikation403John Wileyuhttp://dx.doi.org/10.1002/047122416240uhttp://www3.interscience.wiley.com/cgi-bin/booktoc?ID=91513463